<?xml version="1.0" encoding="UTF-8"?><?xml-stylesheet type="text/xsl" href="static/style.xsl"?><OAI-PMH xmlns="http://www.openarchives.org/OAI/2.0/" xmlns:xsi="http://www.w3.org/2001/XMLSchema-instance" xsi:schemaLocation="http://www.openarchives.org/OAI/2.0/ http://www.openarchives.org/OAI/2.0/OAI-PMH.xsd"><responseDate>2026-06-01T10:19:06Z</responseDate><request verb="GetRecord" identifier="oai:riuma.uma.es:10630/34672" metadataPrefix="marc">https://riuma.uma.es/rest/oai/request</request><GetRecord><record><header><identifier>oai:riuma.uma.es:10630/34672</identifier><datestamp>2026-02-03T11:28:04Z</datestamp><setSpec>com_10630_2254</setSpec><setSpec>col_10630_37953</setSpec></header><metadata><record xmlns="http://www.loc.gov/MARC21/slim" xmlns:dcterms="http://purl.org/dc/terms/" xmlns:doc="http://www.lyncode.com/xoai" xmlns:xsi="http://www.w3.org/2001/XMLSchema-instance" xsi:schemaLocation="http://www.loc.gov/MARC21/slim http://www.loc.gov/standards/marcxml/schema/MARC21slim.xsd">
   <leader>00925njm 22002777a 4500</leader>
   <datafield ind2=" " ind1=" " tag="042">
      <subfield code="a">dc</subfield>
   </datafield>
   <datafield ind2=" " ind1=" " tag="720">
      <subfield code="a">Novo-Sánchez, Francisco Javier</subfield>
      <subfield code="e">author</subfield>
   </datafield>
   <datafield ind2=" " ind1=" " tag="260">
      <subfield code="c">2014</subfield>
   </datafield>
   <datafield ind2=" " ind1=" " tag="520">
      <subfield code="a">La presente investigación tiene por objeto el estudio del retablo mayor de la iglesia parroquial de Santa Baia de Vedra, perteneciente a la archidiócesis de Santiago de Compostela, una de los mejores obras de madera policromada del Barroco gallego, ejecutada por Manuel de Leis hacia 1758. La estructura y el aparato ornamental acusan la influencia de los dos grandes maestros de la Galicia del siglo XVIII, Fernando de Casas y Novoa y Simón Rodríguez, y de los tratados de arquitectura. Una parte de la imaginería se esculpe para este retablo y otra proviene de etapas anteriores. La primera policromía, encomendada a Andrés Cardama, no se administra hasta un siglo después, en 1865.</subfield>
   </datafield>
   <datafield ind1="8" ind2=" " tag="024">
      <subfield code="a">Novo Sánchez, F. J. (2014). El retablo mayor de la iglesia de Santa Baia de Vedra en los siglos XVIII y XIX. Cuadernos De Estudios Gallegos, 61(127), 177–217. https://doi.org/10.3989/ceg.2014.127.06</subfield>
   </datafield>
   <datafield ind1="8" ind2=" " tag="024">
      <subfield code="a">https://hdl.handle.net/10630/34672</subfield>
   </datafield>
   <datafield ind1="8" ind2=" " tag="024">
      <subfield code="a">10.3989/ceg.2014.127.06</subfield>
   </datafield>
   <datafield tag="653" ind2=" " ind1=" ">
      <subfield code="a">Iconografía religiosa</subfield>
   </datafield>
   <datafield tag="653" ind2=" " ind1=" ">
      <subfield code="a">Arte barroco - Galicia</subfield>
   </datafield>
   <datafield ind2="0" ind1="0" tag="245">
      <subfield code="a">El retablo mayor de la iglesia de Santa Baia de Vedra en los siglos XVIII y XIX.</subfield>
   </datafield>
</record>
</metadata></record></GetRecord></OAI-PMH>